Rekindled passion (Record no. 73732)

MARC details
000 -LEADER
fixed length control field 00676cam a2200229 4500
001 - CONTROL NUMBER
control field ABS67117
008 - FIXED-LENGTH DATA ELEMENTS--GENERAL INFORMATION
fixed length control field 031031n2003 000 0 eng u
035 ## - SYSTEM CONTROL NUMBER
System control number (Sirsi) u124204
100 ## - MAIN ENTRY--PERSONAL NAME
Personal name Moore, S.
245 ## - TITLE STATEMENT
Title Rekindled passion
260 ## - PUBLICATION, DISTRIBUTION, ETC.
Date of publication, distribution, etc. 2003
490 ## - SERIES STATEMENT
Series statement Spectator
Volume/sequential designation 11 October 2003, 56-57(2)
520 ## - SUMMARY, ETC.
Summary, etc. Highlights the revival of interest in the Italian art market. Gives examples of recent sales and auctions. Notes the globalisation of the art market.
590 ## - LOCAL NOTE (RLIN)
Local note ABS
650 ## - SUBJECT ADDED ENTRY--TOPICAL TERM
Topical term or geographic name entry element ITALY
650 ## - SUBJECT ADDED ENTRY--TOPICAL TERM
Topical term or geographic name entry element EUROPE
650 ## - SUBJECT ADDED ENTRY--TOPICAL TERM
Topical term or geographic name entry element Auctioneering
9 (RLIN) 6218
650 ## - SUBJECT ADDED ENTRY--TOPICAL TERM
Topical term or geographic name entry element WORKS OF ART
650 ## - SUBJECT ADDED ENTRY--TOPICAL TERM
Topical term or geographic name entry element ART MARKET
690 ## - LOCAL SUBJECT ADDED ENTRY--TOPICAL TERM (OCLC, RLIN)
Topical term or geographic name as entry element Arts and antiques
9 (RLIN) 6217
942 ## - ADDED ENTRY ELEMENTS (KOHA)
Suppress in OPAC 0
Holdings
Withdrawn status Lost status Source of classification or shelving scheme Damaged status Not for loan Home library Current library Shelving location Date acquired Total Checkouts Full call number Barcode Date last seen Copy number Price effective from Koha item type
    Dewey Decimal Classification     London London Journal article 31/10/2003   ABS67117 124204-1001 06/08/2019 1 06/08/2019 Journal article